000 00941cam a22002295a 4500
001 L141298
008 071114s2005 xxk a bf t 000 0 eng d
020 _a1900510464
035 _a(Sirsi) u141298
041 0 _aeng
050 0 4 _a694.01 $2 18
110 2 _aTimber Research and Development Association
245 0 0 _aSpan tables for solid timber members in floors, ceilings and roofs (excluding trussed rafter roofs) for dwellings
250 _aReprinted with amendments March 2005
260 _aHigh Wycombe
_bTRADA Technology
_c2005
300 _a48 p.
_bcol. ill., 1 map
_c30 cm.
490 0 _aTRADA Technology Design Aid
_vDA 1/2004
520 _aProvides section sizes and spans of timber members for floors, ceilings and certain types of roof. Applies to single occupancy dwellings of up to three storeys.
651 4 _aUnited Kingdom
_y
690 _aBUILT ENVIRONMENT-BUILDING MATERIALS-TIMBER-TIMBER AND WOOD
942 _n0
999 _c107625
_d107625